Normal view
MARC view
- Bartov, Omer
Entry Personal Name
001 - CONTROL NUMBER
- control field: 108390
003 - CONTROL NUMBER IDENTIFIER
- control field: NUST
005 - DATE AND TIME OF LATEST TRANSACTION
- control field: 20230201132044.0
008 - FIXED-LENGTH DATA ELEMENTS
- fixed length control field: 230201|| aca||aabn | a|a d
040 ## - CATALOGING SOURCE
- Original cataloging agency: NUST
- Transcribing agency: NUST
100 ## - HEADING--PERSONAL NAME
- Personal name: Bartov, Omer
670 ## - SOURCE DATA FOUND
- Source citation: Work cat.: (NUST)187171: Crimes of war :, 2002.
